000 00599nam a2200193 a 4500
005 20140310183137.0
008 020820s19uu xx 00 eng d
020 _a971617022x
050 _aQA 76.9.C643
_b.St73 1993
100 _aStallings, William
245 _aComputer organization and architecture :
_bprinciples of structures and functions /
_cWilliam Stallings.
260 _aNew York :
_bMcMillan Pub.,Co,
_c1993.
300 _a623 p. :
_bill. ;
_c23 cm.
521 _aIT
650 _aComputer organization
650 _aComputer architecture
942 _cBK
_2lcc
_kFOR
999 _c19305
_d19305